Joueurs ayant gagné la LDC et la CDM 2 – Mort subite - Statistiques

Statistiques générales
  • Ce quiz a été pris 378 fois
  • Le résultat moyen est 9 sur 15
Answers on the Grid
Answers color-coded by a green-red scale on the quiz's grid according to % correct below.
Roberto Carlos
Iker Casillas
Sergio Ramos
Xavi
Gerard Piqué
Pedro Rodríguez
Fernando Torres
Sami Khedira
Thomas Müller
Toni Kroos
Raphaël Varane
Cafu
Filippo Inzaghi
Jérôme Boateng
Alessandro Nesta
Robert Lewandowski
Luka Modrić
Erling Haaland
Kevin De Bruyne
Gareth Bale
Luis Suárez
Francesco Totti
Dennis Bergkamp
George Weah
Michael Ballack
Alan Shearer
Pavel Nedvěd
Didier Drogba
Sadio Mané
Romário
 
Statistiques - réponses
Réponse % Correct
CDM 2010 / LDC 2006, 2009, 2011 Xavi
81%
CDM 2018 / LDC 2014, 2016, 2017, 2018 Raphaël Varane
76%
CDM 2010 / LDC 2000, 2002, 2014 Iker Casillas
75%
CDM 2010 / LDC 2014, 2016, 2017, 2018 Sergio Ramos
75%
CDM 2014 / LDC 2013, 2016, 2017, 2018, 2024 Toni Kroos
75%
CDM 2014 / LDC 2013, 2020 Thomas Müller
72%
CDM 2010 / LDC 2009, 2011, 2015 Gerard Piqué
71%
CDM 2002 / LDC 1998, 2000, 2002 Roberto Carlos
63%
CDM 2014 / LDC 2013 Jérôme Boateng
61%
CDM 2002 / LDC 2003 Cafu
55%
CDM 2010 / LDC 2012 Fernando Torres
45%
CDM 2014 / LDC 2014 Sami Khedira
44%
CDM 2006 / LDC 2007 Alessandro Nesta
43%
CDM 2002 / LDC 2007 Filippo Inzaghi
36%
CDM 2010 / LDC 2009, 2011 Pedro Rodríguez
29%
Aucun quiz correspondant
Distribution des résultats
% des personnes avec chaque résultat
Percentile par nombre de réponses
Votre historique - résultats
Vous n’avez pas pris ce quiz